00539nam a2200109Ia 4500008004100000050002500041100002500066245019500091260008600286300003400372521002300406140724s9999 xx 000 0 und d aPN 4787b.Al346 2009 aAlcala, Ma Monica M. aAttitude and acceptance of Metro Manilans on the Eye/Cornea donation program of the eye bank foundation of the Philippines :ba basis for a public relations campaign /cMa. Monica M. Alcala. aLas Piñas, Philippines :bSouthville International School and Colleges,cc2009. a137 p. :bcol. ill. ;c28 cm. aMass Communication